000 00757cam a22002412 4500
001 0000008629
005 20151217145843.0
008 080507s xx 000 0 eng d
020 _a9966722408 :
_cKES 300
040 _aKABU
_cKABU
100 1 _aKiminyo, Daniel M.
_@0000160825
245 1 0 _aGeneral educational psychology /
_cD. M. Kiminyo, K. M. Munavi, W. T. Wamani.
250 _a2nd ed.
260 _aNairobi :
_bERAP,
_c2007.
300 _aiii, 151 p.
650 0 _aEducational psychology.
_@0000153557
700 1 _aMunavi, K. M.
_@0000161104
700 1 _aWamani, W. T.
_@0000161105
908 _a080507
950 _@1
999 _c3315
_d3315